Temi biblici del lezionario per gli infermi (Record n. 63475)

Dettagli MARC
000 -LEADER
fixed length control field 01119nam a2200301Ia 4500
001 - CONTROL NUMBER
control field A8191
003 - CONTROL NUMBER IDENTIFIER
control field IT-RoPAU
008 - FIXED-LENGTH DATA ELEMENTS--GENERAL INFORMATION
fixed length control field 130308s9999 xx 000 0 und d
040 ## - CATALOGING SOURCE
Original cataloging agency IT-RoPAU
040 ## - CATALOGING SOURCE
Transcribing agency IT-RoPAU
041 ## - LANGUAGE CODE
Language code of text/sound track or separate title ITALIANO
999 ## - SYSTEM CONTROL NUMBERS (KOHA)
Koha Dewey Subclass [OBSOLETE] SI
100 ## - MAIN ENTRY--PERSONAL NAME
Personal name Cavedo Romeo
100 ## - MAIN ENTRY--PERSONAL NAME
Miscellaneous information Codice Aut. SPICS: 36418
245 ## - TITLE STATEMENT
Title Temi biblici del lezionario per gli infermi
245 ## - TITLE STATEMENT
Remainder of title Sacramento dei malati (Il)-Aspetti Antropologici e Teologici della Malattia: Liturgia e Pastorale
250 ## - EDITION STATEMENT
Edition statement 1a ed.
260 ## - PUBLICATION, DISTRIBUTION, ETC. (IMPRINT)
Place of publication, distribution, etc. TORINO/LEUMANN
260 ## - PUBLICATION, DISTRIBUTION, ETC. (IMPRINT)
Name of publisher, distributor, etc. Elle Di Ci
260 ## - PUBLICATION, DISTRIBUTION, ETC. (IMPRINT)
Date of publication, distribution, etc. 1975 [1° Ed.:1975 - Ed.Ling.Originale:1975]
300 ## - PHYSICAL DESCRIPTION
Extent "18 p. (prefazione: no ; testo: 18 [pagine: 121-138])"
500 ## - GENERAL NOTE
General note Reazione Umana di Fronte al dolore (Giobbe). Promessa di una Mediazione Salvifica. salvezza è comunione con Dio. fede nel Cristo Risorto Unica e Definitiva Salvezza. speranza e partecipazione nel Mistero. salvezza nell'Incontro Personale con Gesu'. messa del Viatico.
650 ## - SUBJECT ADDED ENTRY--TOPICAL TERM
Topical term or geographic name as entry element UNZIONE DEGLI INFERMI
650 ## - SUBJECT ADDED ENTRY--TOPICAL TERM
Relator term Codice materia Spics: 9157
942 ## - ADDED ENTRY ELEMENTS (KOHA)
Koha item type LIBRO
957 ## -
-- 1
999 ## - SYSTEM CONTROL NUMBERS (KOHA)
-- 1
Dati di copia
Withdrawn status Lost status Damaged status Not for loan Home library Current library Date acquired Total Checkouts Full call number Date last seen Price effective from Koha item type Public note
    Buone Condizioni Not For Loan SPICS-MEDIATECA SPICS-MEDIATECA 08/03/2013   A8191 08/03/2013 08/03/2013 LIBRO Progressivo inserimento: 57552 / N. Volumi: 0 [=Contributo] Copie: 1 Copia Rara: SI / data import: 1 marzo 2013 - By Epidotti, Trombetti, Vaglietti.
CREDITS: SOCIETA' SAN PAOLO Via A.Severo, 58 - ROMA (RM) & PERIODICI SAN PAOLO SRL Via Giotto, 36 MILANO & CISF Via Giotto, 36 MILANO & EDIZIONI SAN PAOLO SRL,  Piazza Soncino, 5 CINISELLO BALSAMO (MI) -- ITALY